[Event "AUTO-ADV-4574"]
[Site "http://www.queenalice.com/game.php?id=1778671"]
[Date "2021.12.29"]
[Round "1"]
[White "deathbydixxon"]
[Black "Daniel1962"]
[Result "0-1"]
[WhiteElo "1823"]
[BlackElo "1774"]

1. e4 c6 2. Nf3 Nf6 3. Nc3 Qb6 4. h3 e6 5. e5 Nd5 6. d4 Nxc3 7. bxc3 d5 8. Be3
Ba3 9. Rb1 Qa5 10. Ng5 h6 11. Nf3 c5 12. Bd2 c4 13. Be2 Nc6 14. O-O Qd8 15. Bc1
Bxc1 16. Qxc1 Ne7 17. Qa3 O-O 18. Nh2 Ng6 19. Qc1 Qa5 20. Bh5 Qxc3 21. Nf3 b6
22. Qd2 Qa3 23. c3 Qe7 24. Nh2 Bd7 25. Bxg6 fxg6 26. Ng4 Kh7 27. f4 h5 28. Nh2
a5 29. Nf3 b5 30. Ng5+ Kh6 0-1

[Event "AUTO-ADV-4574"]
[Site "http://www.queenalice.com/game.php?id=1778676"]
[Date "2021.12.29"]
[Round "1"]
[White "Jsc"]
[Black "deathbydixxon"]
[Result "1-0"]
[WhiteElo "1906"]
[BlackElo "1934"]

1. e4 e5 2. Nf3 b6 3. Nxe5 Qe7 4. d4 Bb7 5. Bd3 Nf6 6. f3 d6 7. Nc4 d5 8. Ncd2
dxe4 9. fxe4 Nxe4 10. O-O Nxd2 11. Bxd2 Qd7 12. Re1+ Be7 13. Qe2 Nc6 14. c3
O-O-O 15. Bf4 g6 16. b4 g5 17. Bg3 f5 18. Be5 Nxe5 19. Qxe5 Be4 20. Bxe4 fxe4
21. Rxe4 Rde8 22. Qg3 h6 23. a4 Bd6 24. Qd3 Rxe4 25. Qxe4 Re8 26. Qa8# 1-0

[Event "AUTO-ADV-4574"]
[Site "http://www.queenalice.com/game.php?id=1778677"]
[Date "2021.12.29"]
[Round "1"]
[White "deathbydixxon"]
[Black "Jsc"]
[Result "0-1"]
[WhiteElo "1982"]
[BlackElo "1946"]

1. e4 e6 2. b3 c5 3. Bb2 Nc6 4. Nf3 d5 5. exd5 exd5 6. Bb5 Bd7 7. Qe2+ Qe7 8.
Qxe7+ Ngxe7 9. Bxc6 Bxc6 10. Ne5 f6 11. Nd3 Nf5 12. Nc3 d4 13. Ne2 Bxg2 14. Rg1
Bf3 15. Ng3 Nh4 16. Nf4 Bd6 17. Nfe2 Ng2+ 18. Kd1 O-O 19. d3 Rfe8 20. Kd2 Bxg3
21. Nxg3 h5 22. h4 Nxh4 23. Rae1 Ng2 24. Rxe8+ Rxe8 25. c3 dxc3+ 26. Kxc3 h4 27.
Nf1 Re2 28. Bc1 Rxf2 29. a4 Bd5 30. Ne3 Nxe3 31. Bxe3 Rf5 32. Bxc5 Bxb3 33. Kxb3
Rxc5 34. Rh1 g5 35. d4 Rc8 36. Rf1 Kf7 37. Kb4 h3 38. d5 g4 39. a5 g3 40. Rf3
Rg8 41. d6 h2 42. Rf1 g2 0-1

[Event "AUTO-ADV-4576"]
[Site "http://www.queenalice.com/game.php?id=1779312"]
[Date "2022.1.5"]
[Round "1"]
[White "jenyasm"]
[Black "deathbydixxon"]
[Result "1-0"]
[WhiteElo "1712"]
[BlackElo "1844"]

1. e4 e5 2. Nf3 Nc6 3. Bb5 Nd4 4. Nxd4 exd4 5. d3 c6 6. Bc4 b5 7. Bb3 d6 8. c3
dxc3 9. bxc3 a5 10. a4 Ba6 11. O-O b4 12. cxb4 Nf6 13. bxa5 Be7 14. Re1 O-O 15.
d4 c5 16. d5 c4 17. Bc2 Qxa5 18. Bd2 Qc5 19. Be3 Qc8 20. Na3 Ng4 21. h3 Ne5 22.
Bd4 Bf6 23. Nb5 Bxb5 24. axb5 Nd7 25. Bxf6 Nxf6 26. Rxa8 Qxa8 27. Qd4 Rc8 28. b6
Qb7 29. Ba4 Rc5 30. Rb1 c3 31. Bc2 Nd7 32. Rb3 Nxb6 33. Rxc3 Nd7 34. Rxc5 Nxc5
35. e5 Qe7 36. exd6 Qxd6 37. f4 Ne6 38. g3 1-0

[Event "AUTO-ADV-4576"]
[Site "http://www.queenalice.com/game.php?id=1779313"]
[Date "2022.1.5"]
[Round "1"]
[White "deathbydixxon"]
[Black "jenyasm"]
[Result "0-1"]
[WhiteElo "1948"]
[BlackElo "1704"]

1. e4 e5 2. Nf3 Nc6 3. Bb5 a6 4. Bxc6 bxc6 5. O-O d6 6. h3 Bb7 7. Nc3 g6 8. d4
exd4 9. Nxd4 c5 10. Nf3 h6 11. Qe2 Bg7 12. Nd5 Ne7 13. c4 O-O 14. Rb1 Nc6 15.
Be3 Qe8 16. Nxc7 Qxe4 17. Nxa8 Rxa8 18. Rfe1 Na5 19. b3 Kh7 20. Bd2 Qxe2 21.
Rxe2 Nc6 22. Re7 Nxe7 23. Re1 Nf5 24. Nh2 Nh4 25. Re7 Bxg2 26. Rxf7 d5 27. cxd5
Bxd5 28. Bc3 Bxf7 29. Bxg7 Kxg7 30. Ng4 Rc8 31. Kh2 c4 32. bxc4 Bxc4 33. a4 Rc5
34. Kg3 Nf5+ 0-1

[Event "AUTO-ADV-4576"]
[Site "http://www.queenalice.com/game.php?id=1779322"]
[Date "2022.1.5"]
[Round "1"]
[White "deathbydixxon"]
[Black "Daniel1962"]
[Result "0-1"]
[WhiteElo "1788"]
[BlackElo "1809"]

1. e4 c5 2. d4 e6 3. dxc5 Bxc5 4. Nf3 Qb6 5. Qe2 Nf6 6. Nc3 Nc6 7. Na4 Qb4+ 8.
Nc3 Nxe4 9. Qxe4 Qa5 10. Bd2 d5 11. Qa4 Qb6 12. Be3 Qxb2 13. Nb5 Bxe3 14. Nc7+
Ke7 15. Nxa8 Qxa1+ 16. Ke2 Kd6 17. fxe3 Bd7 18. Qf4+ Ne5 19. Qb4+ Kc6 20. Qf4 f6
0-1

[Event "AUTO-ADV-4576"]
[Site "http://www.queenalice.com/game.php?id=1779323"]
[Date "2022.1.5"]
[Round "1"]
[White "Daniel1962"]
[Black "deathbydixxon"]
[Result "1-0"]
[WhiteElo "1792"]
[BlackElo "1805"]

1. e4 e5 2. c3 Nc6 3. b4 Nf6 4. d3 d5 5. Bg5 dxe4 6. Bxf6 Qxf6 7. dxe4 Bd6 8.
Bb5 Bd7 9. Qd5 O-O 10. Nd2 Be6 11. Qd3 Ne7 12. c4 Bxb4 13. Qb1 Bxd2+ 14. Kxd2 c6
15. Ba4 Qxf2+ 16. Ne2 b6 17. Qg1 Rfd8+ 18. Kc3 Qxe2 19. Qf1 Qxe4 20. Re1 Qd4+
21. Kc2 1-0

[Event "AUTO-MASTER-3083"]
[Site "http://www.queenalice.com/game.php?id=1779517"]
[Date "2022.1.7"]
[Round "1"]
[White "Ivacir"]
[Black "deathbydixxon"]
[Result "1-0"]
[WhiteElo "2166"]
[BlackElo "1771"]

1. e4 e5 2. f4 exf4 3. Nf3 Nf6 4. e5 Nd5 5. d4 d6 6. Bc4 Be6 7. Bxd5 Bxd5 8.
Bxf4 dxe5 9. Bxe5 Nc6 10. O-O Nxe5 11. Nxe5 f6 12. Qh5+ g6 13. Nxg6 Bf7 14. Re1+
Kd7 15. Qg4+ Kc6 16. Nxh8 Bd5 17. Nc3 Bb4 18. Re3 1-0

[Event "AUTO-MASTER-3083"]
[Site "http://www.queenalice.com/game.php?id=1779518"]
[Date "2022.1.7"]
[Round "1"]
[White "deathbydixxon"]
[Black "Ivacir"]
[Result "0-1"]
[WhiteElo "1769"]
[BlackElo "2167"]

1. e4 c5 2. Nf3 e6 3. d4 cxd4 4. Nxd4 a6 5. Nc3 Qc7 6. a3 Nf6 7. Bg5 Be7 8. Bd3
Nc6 9. e5 Qxe5+ 10. Be3 Nxd4 11. O-O Nc6 12. Qf3 Qc7 13. Bf4 d6 14. Be3 Ne5 15.
Bd4 Nxf3+ 16. gxf3 O-O 17. Ne4 Nxe4 18. Bxe4 f5 19. Bd3 Bf6 20. Be3 b5 0-1

[Event "AUTO-MASTER-3083"]
[Site "http://www.queenalice.com/game.php?id=1779529"]
[Date "2022.1.7"]
[Round "1"]
[White "rmvwoods"]
[Black "deathbydixxon"]
[Result "1-0"]
[WhiteElo "2150"]
[BlackElo "1765"]

1. e4 e5 2. Nf3 Nc6 3. Bc4 h6 4. d4 exd4 5. Nxd4 Nxd4 6. Qxd4 Qe7 7. O-O c5 8.
Qe3 Qe5 9. Nc3 Nf6 10. h3 Bd6 11. f4 Qd4 12. Bxf7+ Kxf7 13. e5 Qxe3+ 14. Bxe3
Be7 15. exf6 Bxf6 16. Bxc5 b6 17. Bd6 Ba6 18. Rf3 Bb7 19. Rd3 Rhe8 20. Rad1 Ba6
21. R3d2 Kg8 22. Nd5 Rac8 23. Nc7 Re2 24. Nxa6 Rxd2 25. Rxd2 Bxb2 26. Bc7 b5 27.
Rxd7 Rf8 28. Be5 Bxe5 29. fxe5 Re8 30. Rd5 Rc8 31. Rxb5 1-0

[Event "AUTO-MASTER-3083"]
[Site "http://www.queenalice.com/game.php?id=1779530"]
[Date "2022.1.7"]
[Round "1"]
[White "deathbydixxon"]
[Black "rmvwoods"]
[Result "0-1"]
[WhiteElo "1767"]
[BlackElo "2149"]

1. e4 d6 2. d4 Nf6 3. Nc3 g6 4. Bg5 Bg7 5. Bd3 c6 6. e5 Nd5 7. Nxd5 cxd5 8. h3
Qb6 9. Nf3 dxe5 10. Nxe5 Nc6 11. Nxc6 bxc6 12. O-O e6 13. Rb1 Qxd4 14. c3 Qb6
15. Be3 Qc7 16. Qf3 O-O 17. Rfe1 Bb7 18. Bd2 e5 19. Qg3 Rac8 20. Bc2 e4 21. Qxc7
Rxc7 22. Bf4 Rcc8 23. a4 f5 24. Re3 h6 25. Bb3 Kh7 26. Bd6 Rfd8 27. Bc5 a6 28.
Bb6 Re8 29. a5 f4 30. Ree1 g5 31. Bc2 Kh8 0-1

[Event "AUTO-MASTER-3083"]
[Site "http://www.queenalice.com/game.php?id=1779537"]
[Date "2022.1.7"]
[Round "1"]
[White "deathbydixxon"]
[Black "Fredo"]
[Result "0-1"]
[WhiteElo "1886"]
[BlackElo "1953"]

1. e4 c5 2. d4 cxd4 3. Qxd4 Nc6 4. Qc3 e5 5. a3 Nf6 6. Bg5 Be7 7. Bb5 Qc7 8.
Bxc6 bxc6 9. Bxf6 Bxf6 10. Nd2 O-O 11. Ngf3 Ba6 12. Nc4 Rac8 13. Ne3 Rfd8 14.
Ng4 Be7 15. Nd2 f6 16. b4 d5 17. exd5 Rxd5 18. Qb3 Kh8 19. c4 Rd7 20. Ra2 c5 21.
Ne3 cxb4 22. a4 Bc5 23. Nd5 Rxd5 24. cxd5 Bd6 25. f3 Qc1+ 26. Qd1 Qc3 27. Kf2
Bc5+ 28. Kg3 Qe3 0-1

[Event "AUTO-MASTER-3083"]
[Site "http://www.queenalice.com/game.php?id=1779538"]
[Date "2022.1.7"]
[Round "1"]
[White "Fredo"]
[Black "deathbydixxon"]
[Result "1-0"]
[WhiteElo "1939"]
[BlackElo "1900"]

1. e4 e5 2. Nf3 Nc6 3. Bb5 Nd4 4. Bc4 Nxf3+ 5. Qxf3 Nf6 6. O-O b6 7. Nc3 Bb7 8.
d3 h6 9. Be3 Bc5 10. a3 Bxe3 11. fxe3 Qe7 12. Nd5 Bxd5 13. exd5 d6 14. Rae1 O-O
15. e4 a6 16. c3 b5 17. Bb3 Qd7 18. Qg3 Qg4 19. Qxg4 Nxg4 20. Bd1 Nf6 21. Re3
Nd7 22. Bh5 Nf6 23. Be2 Rfc8 24. g4 c6 25. h4 cxd5 26. g5 hxg5 27. hxg5 d4 28.
cxd4 Nd7 29. Bg4 1-0

[Event "AUTO-ADV-4544"]
[Site "http://www.queenalice.com/game.php?id=1781477"]
[Date "2022.1.27"]
[Round "2"]
[White "Nille"]
[Black "deathbydixxon"]
[Result "1-0"]
[WhiteElo "1878"]
[BlackElo "1700"]

1. e4 e5 2. Nf3 Nc6 3. Bc4 h6 4. d4 Qf6 5. dxe5 Nxe5 6. Nxe5 Qxe5 7. Qf3 Nf6 8.
Nc3 Bb4 9. O-O Bxc3 10. bxc3 O-O 11. Re1 d5 12. Bb3 dxe4 13. Qe2 Qxc3 14. Be3
Bg4 15. Qd2 1-0

[Event "AUTO-ADV-4544"]
[Site "http://www.queenalice.com/game.php?id=1781478"]
[Date "2022.1.27"]
[Round "2"]
[White "deathbydixxon"]
[Black "Nille"]
[Result "0-1"]
[WhiteElo "1691"]
[BlackElo "1887"]

1. e4 e5 2. Nf3 d6 3. h3 h6 4. b3 Nf6 5. Bb2 Nc6 6. Nc3 Be7 7. d4 exd4 8. Nxd4
Ne5 9. Qe2 c5 10. Ndb5 a6 11. Na3 O-O 12. O-O-O b5 13. Nd5 b4 14. Nc4 Nxd5 15.
exd5 Nxc4 0-1